| 000 | 03063nam a2200253Ia 4500 | ||
|---|---|---|---|
| 003 | Ost | ||
| 005 | 20260507075110.0 | ||
| 008 | 260507s9999||||xx |||||||||||||| ||und|| | ||
| 020 | _a6795789977 | ||
| 040 | _cfsecg | ||
| 041 | _aara | ||
| 082 | _a330 | ||
| 100 |
_aحمدي، عبد العظيم _eمؤلف |
||
| 245 | 0 |
_aالاصلاح الاقتصادي في الدول العربيه بين سعر الصرف والموازنه العامه : _bدراسه نظريه وتطبيقيه على الدول العربيه خاصة دول الخليج / _c عبد العظيم حمدي |
|
| 260 |
_aالقاهرة: _bدار الزهراء الشروق, _c1998 |
||
| 520 | _a: المقدمة : الفصل الأول : سياسة سعر الصرف : مفهومها وأبعادها : المبحث الأول : علاقة صندوق النقد الدولي بأسعار الصرف : المبحث الثاني : مفهوم ونظريات سعر الصرف : المبحث الثالث : سعر الصرف في ظل الرقابة على النقد واتفاقيات التجارة والدفع : الفصل الثاني : الموازنة العامة ودورها في التخطيط : المبحث الأول : مفهوم الموازنة العامة : المبحث الثاني : كيفية إعداد الموازنة العامة واعتمادها : المبحث الثالث : دور الموازنة العامة في تخطيط التنمية الاقتصادية والاجتماعية : الفصل الثالث : برامج الإصلاح الاقتصادي في الوطن العربي : المبحث الأول : الإصلاح الاقتصادي في الدول العربية الخليجية : المبحث الثاني : برامج الإصلاح الاقتصادي في الدول العربية متوسطة الدخل : المبحث الثالث : برامج الإصلاح الاقتصادي في الدول العربية منخفضة الدخل : الفصل الرابع : سياسة سعر الصرف المطبقة في الدول : المبحث الأول : دور سياسة سعر الصرف في الإصلاح الاقتصادي في مصر : المبحث الثاني : دور سياسة سعر الصرف في الإصلاح الاقتصادي في سوريا : المبحث الثالث : دور سياسة سعر الصرف في الإصلاح الاقتصادي في الأردن : الفصل الخامس : التغيرات العالمية في أسعار الصرف وآثارها على مصادر تمويل عجز الموازنة العامة (الحالة المصرية) : نظام سعر الصرف في مصر : المبحث الثاني : التغيرات العالمية في أسعار الصرف خلال الثمانينات. | ||
| 653 | _aاصلاح اقتصادي | ||
| 653 | _aالبلاد العربيه | ||
| 653 | _aسعر الصرف | ||
| 653 | _aسياسه اقتصاديه | ||
| 653 | _aمسأله العمله البلاد العربيه | ||
| 653 | _aموازنة عامة | ||
| 942 | _cكتاب | ||
| 999 |
_c42867 _d42867 |
||